Revista de la Facultad de Derecho de la Universidad Nacional de San Antonio Abad del Cuzco / (Record no. 21895)

000 -CABECERA
fixed length control field 02037nam a22002657a 4500
003 - IDENTIFICADOR DEL NÚMERO DE CONTROL
control field AR-CdUCM
008 - DATOS DE LONGITUD FIJA--INFORMACIÓN GENERAL
fixed length control field 190425b ||||| |||| 00| 0 spa d
040 ## - FUENTE DE LA CATALOGACIÓN
Agencia/entidad que catalogó originalmente la obra MUNICIPALIDAD PROVINCIAL DEL CUSCO
Entidad que transcribió la catalogación BIBLIOTECA MUNICIPAL DEL CUSCO
082 ## - NÚMERO DE LA CLASIFICACIÓN DECIMAL DEWEY
No. de Clasificación Rev.FD/N°7/1990
110 ## - ENTRADA PRINCIPAL--NOMBRE DE ENTIDAD CORPORATIVA
Nombre de la institución, jurisdicción como entrada principal Universidad Nacional De San Antonio Abad del Cuzco
9 (RLIN) 14483
245 ## - MENCIÓN DE TÍTULO
Título Revista de la Facultad de Derecho de la Universidad Nacional de San Antonio Abad del Cuzco /
Mención de responsabilidad Universidad Nacional de San Antonio Abad del Cuzco
260 ## - PUBLICACIÓN, DISTRIBUCIÓN, ETC.
Lugar de publicación, distribución, etc. Cusco :
Nombre de la editorial, distribuidor, etc. La Amistad,
Fecha de publicación, distribución, etc. 1990.
300 ## - DESCRIPCIÓN FÍSICA
Nº de Páginas Extensión 132 páginas. :
Dimensiones 24 cm.
440 ## - MENCIÓN DE SERIE/PUNTO DE ACCESO ADICIONAL--TÍTULO
Título Revista de la Facultad de Derecho de la Universidad Nacional de San Antonio Abad del Cuzco.
Número de la parte/sección de una obra N°7, 1990.
9 (RLIN) 46717
505 ## - NOTA DE CONTENIDO CON FORMATO
Nota de contenido formateada Contenido: Apuntes sobre la historia de la facultad de Derecho de la UNSAAC. -- Apuntes históricos sobre el local central de la UNSAAC. -- Derecho agrario y derecho ambiental. -- Inconstitucionalidad de la nueva Ley orgánica del poder judicial. -- Teoría de la prueba. -- Principios básicos del derecho familiar peruano. -- Los bienes en el código civil peruano. -- El recurso de casación en la nueva ley orgánica del poder judicial. -- Drogas debate sobre su legalización. -- La Procreación humana asistida y su legislación. -- El domicilio como derecho primario inviolable su consagración constitucional. -- Sus excepciones por razón de orden publico. -- La deuda externa sus repercusiones sobre el Perú y las alternativas de solución. -- La simplificación y presunciones. -- La indexación de la deuda tributaria. -- Sentencia condenatoria pronunciada contra José Gabriel Condorcanqui Tupac Amaru. -- Crónicas de la facultad.
650 ## - PUNTO DE ACCESO ADICIONAL DE MATERIA--TÉRMINO DE MATERIA
Descriptor Derecho del Perú
9 (RLIN) 46685
650 ## - PUNTO DE ACCESO ADICIONAL DE MATERIA--TÉRMINO DE MATERIA
Descriptor Facultad de Derecho del Cuzco
9 (RLIN) 46697
650 ## - PUNTO DE ACCESO ADICIONAL DE MATERIA--TÉRMINO DE MATERIA
Descriptor Proyecto de reformas metodológicas
9 (RLIN) 46707
700 ## - PUNTO DE ACCESO ADICIONAL--NOMBRE DE PERSONA
Nombre Personal Béjar Quispe, José
9 (RLIN) 6070
700 ## - PUNTO DE ACCESO ADICIONAL--NOMBRE DE PERSONA
Nombre Personal Angles Vargas, Víctor
9 (RLIN) 46718
700 ## - PUNTO DE ACCESO ADICIONAL--NOMBRE DE PERSONA
Nombre Personal Valcárcel Gamarra, Pedro
9 (RLIN) 46716
700 ## - PUNTO DE ACCESO ADICIONAL--NOMBRE DE PERSONA
Nombre Personal Peralta Andia, Rolando
9 (RLIN) 46719
942 ## - ELEMENTOS DE PUNTO DE ACCESO ADICIONAL (KOHA)
Fuente de clasificación
Tipo de item Revistas cusqueñas
945 ## - PROCESAMIENTO DE INFORMACIÓN LOCAL (OCLC)
Catalogador rac
Holdings
Estado de retiro (separado) Fuente de clasificación o esquema de estanterías Estado dañado Ubicación Sala donde se ubica Nombre de la colección Fecha de adquisición o compra Costo, precio normal en soles Signatura topográfica Código de Barras Última vez visto (Koha) Tipo de ítem (Koha)
No     Sala Hemeroteca Sala Hemeroteca Book Cart 2021-09-21 10.00 Rev.FD/N°7/1990 REVC000414 2021-09-21 Revistas cusqueñas

Powered by Koha